000 00459nam a2200193Ia 4500
005 20240823051945.0
008 240823s9999||||xx |||||||||||||| ||und||
020 _a978-81-927076-8-6
041 _aENGLISH
082 _A621.3815 Q4
100 _aJoel T
245 0 _aElectronic Devices and Circuits
250 _a1st
260 _c2014
_bSruthi Publi
500 _aYES
650 _aElectronics Devices
_bElectronics
942 _cBK
999 _c220756
_d220756